Karenama/ (Record no. 195053)

MARC details
000 -LEADER
fixed length control field 00481nam a22001697a 4500
005 - DATE AND TIME OF LATEST TRANSACTION
control field 20230213112338.0
010 ## - LCCN (DPL NO)
LC control number ENG-136196
020 ## - INTERNATIONAL STANDARD BOOK NUMBER
International Standard Book Number 9789380361406
Terms of availability 295.00
035 ## - SYSTEM CONTROL NUMBER
System control number EN-119728
037 ## - SOURCE OF ACQUISITION
Source of stock number/acquisition DBAD/PUB
082 ## - DEWEY DECIMAL CLASSIFICATION NUMBER
Classification number 658.4092
245 ## - TITLE STATEMENT
Title Karenama/
260 ## - PUBLICATION, DISTRIBUTION, ETC. (IMPRINT)
Place of publication, distribution, etc Pune
Name of publisher, distributor, etc Rohan Prakashan
Date of publication, distribution, etc 2011
270 ## - ADDRESS
Address Dhawalgiri, 430 Shaniwar Peth
City Pune
Postal code 411030
Electronic mail address rohanprakashan@gmail.com
300 ## - PHYSICAL DESCRIPTION
Extent xii, 203p.
Dimensions 23cm(hbk)
942 ## - ADDED ENTRY ELEMENTS (KOHA)
Source of classification or shelving scheme Dewey Decimal Classification
Item type English Books
Classification part 658.4092
Call number suffix KAR
Holdings
Withdrawn status Lost status Not for loan Collection code Home library Current library Date acquired Source of acquisition Cost, normal purchase price Full call number Barcode Copy number Cost, replacement price Koha item type
      Non-fiction Central Jail Tihar Central Jail Tihar 13/02/2023 DBAD/PUB 295.00 658.4092 KAR EN-119728 1 295.00 English Books

© Delhi Public Library
Hit Counter
free hit counter